| 000 | 01151cam a2200361 a 4500 | ||
|---|---|---|---|
| 001 | 2172 | ||
| 003 | FISKH | ||
| 005 | 20231108114232.0 | ||
| 008 | 980109s1997 nyua b 000 0 eng | ||
| 010 | _a 98102522 | ||
| 020 | _a0307020258 | ||
| 020 | _a0307020258 | ||
| 040 |
_aDLC _cDLC _dDLC _beng |
||
| 042 | _alcac | ||
| 050 | 0 | 0 |
_aPZ8.T24 _bWap 1997 |
| 082 | 0 | 0 |
_a398.2/0944/02 _aE _221 |
| 100 | 1 | _aTeitelbaum, Michael. | |
| 245 | 1 | 0 |
_aWalt Disney's Sleeping Beauty / _cadapted by Michael Teitelbaum ; illustrated by Sue DiCicco. |
| 246 | 3 | 0 | _aSleeping Beauty |
| 260 |
_aNew York : _bGolden Books, _c1989. |
||
| 300 |
_a24 unnumbered pages : _bcolor illustrations ; _c20 cm |
||
| 490 | 0 | _aA little golden book | |
| 500 | _a"A golden book, New York." | ||
| 505 | _aO | ||
| 520 | _aA wicked witch's spell over the Princess Aurora is broken when Prince Phillip releases her with a kiss. | ||
| 521 | 8 |
_a600
_bLexile estimate |
|
| 521 | 8 |
_aO
_bRaz-Plus |
|
| 650 | 1 | _aFairy tales. | |
| 650 | 1 | _aFolklore. | |
| 700 | 1 |
_aDiCicco, Sue, _eillustrator |
|
| 906 |
_a7 _bcbc _corignew _d3 _encip _f19 _gy-gencatlg |
||
| 942 |
_2ddc _cBK _n0 |
||
| 999 |
_c2172 _d2172 |
||